000 00954nam a2200265 a 4500
001 39059
003 BD-RjUL
005 20211209052916.0
008 160404b2016 b |||e |||| 000 0 ben d
020 _a98490078893 (Pt.-3)
_cTk.450
020 _a98490078411 (Pt.-2)
_c: Tk. 350.00
020 _a9849007840X (Pt.-1)
_c: Tk. 450.00
035 _a(BD-RjUL)
040 _aBD-RjUL
_bben
_cBD-RjUL
041 _aben
082 _223
_aB 891.443
_bMAC 2015-2016
100 _aমাহমুদ, অনীক
_9119322
245 _aছোটদের গল্প সংগ্রহ /
_cঅনীক মাহমুদ
260 _aঢাকা :
_bসুচয়নী পাবলিশার্স,
_c২০১৫-২০১৬
300 _a৩ পার্ট ;
_c২২ সেমি.
505 0 _aপার্ট ১ -- ৩
650 _aবাংলা উপন্যাস
_9126274
650 _aBengali Fiction
_9126275
942 _2ddc
_cBK
_04
999 _c39059
_d39059